000 02607nam0a2200445 4500
001 RU\NLR\bibl\1274599
005 20260405142623.0
010 _a5-94621-211-7
010 _a978-5-94621-211-3
_9500
021 _aRU
_b2008-58290
_93249
035 _a(NLR Aleph) 001260431
090 _a375621
_c375621
100 _a20080918d2007 |||y0rusy50 ca
101 0 _arus
_deng
102 _aRU
105 _aa |||||||||
200 1 _aАвтоматическое управление. Перестраиваемые структуры в системах с распределенными параметрами
_dAutomated Control. Reconfigurable Structures with distributed parameters
_fС.В. Шидловский
_zeng
210 _aТомск
_cТомский государственный университет
_d2007
215 _a171 с., [10] л. цв. ил.
_cил., портр.
_d21
300 _aАвт. также на англ. яз.: S.V. Shidlovskiy
300 _aВ конце кн. авт.: Шидловский С.В. - доц.
300 _aРез. на англ. яз.
320 _aБиблиогр. в конце гл.
510 0 _6z11790
_aAutomated Control. Reconfigurable Structures with distributed parameters
_zeng
517 0 _aПерестраиваемые структуры в системах с распределенными параметрами
606 1 _aСАУ с распределенными параметрами
_xТеория
_92538908
_3RU\NLR\auth\661503269
610 0 _aАвтоматика и телемеханика -- Автоматика -- Самонастраивающиеся автоматические системы -- Теория. Исследование -- Учебник ля высшей школы
610 0 _aРадиоэлектроника -- Кибернетика -- Теория автоматов и управляющих машин -- Математическое моделирование -- Учебник для высшей школы
610 0 _aперестраиваемые структуры в автоматике
686 _aЗ965.093-01,0
_2rubbk
686 _aЗ815с116,0
_2rubbk
686 _aЗ965.02-01
700 1 _4070
_8rus
_7ca
_aШидловский
_bС. В.
_f1981-
_gСтанислав Викторович
_3RU\NLR\auth\7758492
_941424
790 1 _4070
_8rus
_7ba
_aŠidlovskij
_bS. V.
_f1981-
_gStanislav Viktorovič
_3RU\NLR\auth\7758493
_941425
801 0 _aRU
_bNLR
_c20080918
_gRCR
801 1 _aRU
_bNLR
_c20080918
942 _cBOOK
980 _aNB
980 _aNBR